000 00291nam a22001337a 4500
008 170821b xxu||||| |||| 00| 0 eng d
020 _a97680077539061
041 _aeng
080 _a51
100 _a37
101 _aMAT
245 _aMATH IN OUR WORLD
_cSOBECKI/D
942 _2udc
_cBK
999 _c24377
_d24377